[Event "Challenge"]
[Site "http://www.queenalice.com/game.php?id=1037742"]
[Date "2012.3.10"]
[Round "-"]
[White "saavik"]
[Black "jpribeiro"]
[Result "0-1"]
[WhiteElo "1732"]
[BlackElo "1966"]

1. d4 Nf6 2. Nc3 e6 3. a3 d5 4. Bf4 Nc6 5. e3 Be7 6. Bb5 Bd7 7. Nf3 a6 8. Bxc6
bxc6 9. b4 a5 10. Ne5 axb4 11. axb4 Rxa1 12. Qxa1 Bxb4 13. O-O O-O 14. Ne2 Nh5
15. Nxd7 Qxd7 16. Qd1 Nxf4 17. Nxf4 Ra8 18. Qg4 f5 19. Qh5 Ra2 20. Nd3 Bd6 21.
f3 Rxc2 0-1

[Event "sorim1"]
[Site "http://www.queenalice.com/game.php?id=1050364"]
[Date "2012.4.19"]
[Round "1"]
[White "saavik"]
[Black "Eduardomoreto67"]
[Result "0-1"]
[WhiteElo "1694"]
[BlackElo "2083"]

1. e4 c5 2. d3 Nc6 3. Nf3 d6 4. Nc3 Nf6 5. Bg5 e6 6. d4 cxd4 7. Nb5 e5 8. Bc4 a6
9. Bxf6 gxf6 10. O-O axb5 11. Bxb5 Be7 12. Qd2 O-O 13. h3 f5 14. exf5 Bxf5 15.
Qh6 Bxc2 16. a3 Be4 17. Be2 d3 18. Bd1 Bxf3 19. Bxf3 Bg5 20. Qh5 d5 21. h4 Bxh4
22. Qg4+ Kh8 23. g3 Rg8 24. Qh3 Nd4 25. Bh5 Ne2+ 0-1

[Event "Challenge"]
[Site "http://www.queenalice.com/game.php?id=1063373"]
[Date "2012.5.24"]
[Round "-"]
[White "jtomasia"]
[Black "saavik"]
[Result "1-0"]
[WhiteElo "2266"]
[BlackElo "1692"]

1. e4 e5 2. Nf3 Nc6 3. Bb5 a6 4. Bxc6 dxc6 5. O-O Qf6 6. d4 Bd6 7. dxe5 Bxe5 8.
Nxe5 Qxe5 9. f4 Qc5+ 10. Kh1 g6 11. Nc3 Be6 12. Qe1 Bc4 13. Rf3 O-O-O 14. Be3
Qh5 15. Na4 Nf6 16. Qc3 Be2 17. Rh3 Qg4 18. Qxf6 Qe6 19. Qxe6+ fxe6 20. Nc5 b6
21. Nxe6 Rd6 22. Ng5 Rd7 23. Re1 Bg4 24. Rh4 h5 25. h3 Bd1 26. Ne6 Bxc2 27. Ng5
c5 28. g4 Rd3 29. f5 1-0

[Event "DC vs SW"]
[Site "http://www.queenalice.com/game.php?id=1075503"]
[Date "2012.6.23"]
[Round "-"]
[White "Apollo"]
[Black "saavik"]
[Result "1-0"]
[WhiteElo "1599"]
[BlackElo "1635"]

1. e4 e5 2. Nf3 Qf6 3. Bc4 Bc5 4. O-O d6 5. c3 Nc6 6. b4 Bb6 7. d4 exd4 8. cxd4
Bg4 9. Bg5 Bxf3 10. Qd2 Qxd4 11. Bb5 Qe5 12. Nc3 Bd4 13. Nd5 Rc8 14. Bf4 Qe6 15.
Qxd4 a6 16. Qxg7 axb5 17. a4 Nxb4 18. Nxb4 Qg4 19. Qxg4 Bxg4 20. axb5 Be2 21.
Rfe1 Bxb5 22. e5 Kd7 23. exd6 c5 24. Nd5 h5 25. Nb6+ Kc6 26. Nxc8 Nf6 27. Na7+
Kb6 28. Reb1 c4 29. Rxb5# 1-0